00383nam a2200169Ia 4500003000900000005001700009008004100026040001300067041000800080082001200088082001000100100001000110245003000120245003300150245002400183300000600207IN-BhIIT20190804094214.0151211s9999 xx 000 0 und d aIN-BhIIT aeng a823.954 bGOP/T aGopal 4aThe Indian English Novel  b Nathan, History & Narration cby Priyamvada Gopal a1